Statistics for Taylor Swift - Fearless Lyrics

Click here to take the quiz!

General Stats

  • This quiz has been taken 262 times
  • The average score is 287 of 318

Answer Stats

Answer% Correct
I
100%
a
99%
me
99%
you
99%
You
99%
And
98%
and
98%
fearless
98%
it
98%
know
98%
my
98%
My
98%
the
98%
don't
97%
in
97%
In
97%
first
96%
hand
96%
how
96%
it's
96%
It's
96%
So
96%
so
96%
this
95%
to
95%
when
95%
better
94%
get
94%
head
94%
take
94%
than
94%
best
93%
dance
93%
dress
93%
gets
93%
there
93%
storm
92%
with
92%
but
91%
But
91%
just
91%
of
91%
something
91%
your
90%
I'd
89%
i'd
89%
There's
89%
way
89%
yeah
89%
'bout
88%
Oh
88%
oh
88%
on
88%
rained
88%
why
88%
drag
87%
right
87%
street
87%
ask
86%
looks
86%
middle
86%
parking
86%
car
85%
lot
85%
wanna
85%
you're
85%
we
84%
I'm
83%
i'm
83%
walk
83%
want
82%
hair
81%
if
81%
Cause
80%
'Cause
80%
glow
80%
hands
80%
not
79%
road
79%
down
78%
kiss
78%
now
78%
pavement
78%
remember
78%
through
78%
really
77%
run
77%
We're
77%
cool
76%
drive
76%
making
76%
up
76%
capture
75%
eyes
75%
flawless
75%
here
74%
out
74%
caught
73%
moment
73%
one
73%
wonder
73%
hard
72%
trying
72%
driving
71%
off
71%
put
71%
stay
70%
slow
69%
town
69%
Absent
68%
little
68%
passenger
68%
'til
68%
horse
67%
seat
67%
usually
67%
baby
66%
mindedly
65%
more
65%
pull
65%
knew
60%
shake
60%
stood
60%
brave
52%
doorway
52%
Well
52%

Score Distribution

Percentile by Number Answered

Percent of People with Each Score

Your Score History

You have not taken this quiz